000 00827nam a2200229 i 4500
001 89558
003 ES-MaACL
005 20250830095357.0
007 t|
008 050111s1933 fr ||||1| fre d
100 1 _aLaski, Harold Joseph.
_970444
245 1 0 _aGrammaire de la politique /
_cpar Harold J. Laski,... ; traduction de Marg.-L. Rocher.
260 _aParis :
_bDelagrave,
_c1933 (
_eEvreux :
_fCh. Herissey)
300 _a362 p. :
_b1 retr. aur ;
_c25 cm.
490 1 _aBibliothèque de l'Institut international de droit public ;
_v2
650 7 _aPolítica
_2embne
_9140345
650 0 7 _aEstado
_2embne
_912523
700 1 _aRocher, Marguerite L.
_9164240
830 0 _aBibliothèque de l'Institut international de droit public ;
_v2
_9184119
852 _aES-MaACL
_jA-1599
999 _c89558
_d89558